[Event "Tradewise Gibraltar Masters 16th"]
[Site "Gibraltar"]
[Date "2018.01.26"]
[Round "4.76"]
[White "Plotkin, Victor"]
[Black "Tarjan, James"]
[Result "0-1"]
[WhiteElo "2242"]
[BlackElo "2432"]
[PlyCount "76"]
[EventDate "2018.01.23"]
[EventType "swiss"]
[EventRounds "10"]
[EventCountry "GGB"]
[SourceTitle "BritBase"]
[Source "www.saund.co.uk"]
[SourceDate "2018.02.10"]
[SourceVersion "1"]
[SourceVersionDate "2018.02.10"]
[SourceQuality "1"]

1. e4 e5 2. Nf3 Nc6 3. Bc4 Nf6 4. d3 Be7 5. Nc3 d6 6. h3 Na5 7. Bb3 c6 8. O-O
O-O 9. Ne2 Re8 10. Ng3 Nxb3 11. axb3 h6 12. Bd2 Bf8 13. Re1 Qc7 14. Bc3 c5 15.
b4 b5 16. Qd2 Bb7 17. Nf5 a5 18. b3 cxb4 19. Bb2 a4 20. Rac1 a3 21. Ba1 d5 22.
exd5 Nxd5 23. Bxe5 Qd7 24. Ng3 Ra6 25. Ba1 Rae6 26. Rxe6 Rxe6 27. Re1 g6 28.
Rxe6 Qxe6 29. Qe2 Nf4 30. Qxe6 fxe6 31. Ne1 Kf7 32. Kf1 Bg7 33. d4 e5 34. dxe5
Ke6 35. Ne2 Nxe2 36. Kxe2 Bxe5 37. Bxe5 Kxe5 38. Nd3+ Kd4 0-1

[Event "Tradewise Gibraltar Masters 16th"]
[Site "Gibraltar"]
[Date "2018.01.26"]
[Round "4.77"]
[White "Ladron De Guevara Pinto, Paolo"]
[Black "Nandhidhaa, PV."]
[Result "1-0"]
[WhiteElo "2427"]
[BlackElo "2238"]
[PlyCount "83"]
[EventDate "2018.01.23"]
[EventType "swiss"]
[EventRounds "10"]
[EventCountry "GGB"]
[SourceTitle "BritBase"]
[Source "www.saund.co.uk"]
[SourceDate "2018.02.10"]
[SourceVersion "1"]
[SourceVersionDate "2018.02.10"]
[SourceQuality "1"]

1. e4 c5 2. Nf3 e6 3. d4 cxd4 4. Nxd4 Nc6 5. Nc3 Qc7 6. Be3 a6 7. Qf3 Ne5 8.
Qg3 Nf6 9. f3 b5 10. O-O-O b4 11. Nce2 d6 12. Kb1 Nc4 13. Bc1 e5 14. Nf5 g6 15.
Ne3 Nb6 16. Qe1 a5 17. g4 Be6 18. g5 Nh5 19. Nd5 Bxd5 20. exd5 Be7 21. Ng3 Nf4
22. Bb5+ Kf8 23. Bc6 Rc8 24. h4 h6 25. gxh6 Rxh6 26. Ne2 Kg7 27. Nxf4 exf4 28.
Bxf4 Rh5 29. Bg5 Bxg5 30. hxg5 Rxg5 31. Qh4 Re5 32. Qh6+ Kf6 33. f4 Rf5 34. Rh2
a4 35. Qh4+ Kg7 36. Qf2 Nd7 37. Bxd7 Qxd7 38. Qd4+ f6 39. Rdh1 Rh5 40. Rxh5
gxh5 41. Rxh5 Qg4 42. Rg5+ 1-0

[Event "Tradewise Gibraltar Masters 16th"]
[Site "Gibraltar"]
[Date "2018.01.26"]
[Round "4.78"]
[White "Sonis, Francesco"]
[Black "Maisuradze, Nino"]
[Result "1-0"]
[WhiteElo "2425"]
[BlackElo "2234"]
[PlyCount "171"]
[EventDate "2018.01.23"]
[EventType "swiss"]
[EventRounds "10"]
[EventCountry "GGB"]
[SourceTitle "BritBase"]
[Source "www.saund.co.uk"]
[SourceDate "2018.02.10"]
[SourceVersion "1"]
[SourceVersionDate "2018.02.10"]
[SourceQuality "1"]

1. Nf3 Nf6 2. c4 e6 3. g3 d5 4. Bg2 d4 5. O-O Nc6 6. d3 Bc5 7. Na3 O-O 8. Nc2
a5 9. e3 e5 10. exd4 exd4 11. Re1 h6 12. Bf4 Be6 13. Ne5 Nxe5 14. Bxe5 Rb8 15.
Qd2 b6 16. Qf4 Nh5 17. Qe4 Nf6 18. Qh4 Ne8 19. Qf4 g5 20. Qe4 Nf6 21. Qc6 Rc8
22. a3 Ng4 23. b4 axb4 24. axb4 Nxe5 25. Rxe5 Be7 26. Rxe6 fxe6 27. Qxe6+ Kg7
28. Re1 Bd6 29. c5 bxc5 30. bxc5 Rf6 31. Qc4 Bf8 32. Nxd4 Kh8 33. Bb7 Rb8 34.
Nc6 Rxc6 35. Bxc6 Qf6 36. Re6 Qb2 37. Rg6 Bg7 38. Qe6 Qc1+ 39. Kg2 Qxc5 40. Be4
Qf8 41. Qd7 Rb6 42. Qxc7 Rxg6 43. Bxg6 Qa8+ 44. Be4 Qe8 45. Kf3 Qf8+ 46. Ke2
Qe8 47. Ke3 Kg8 48. Qc4+ Kf8 49. d4 Qd7 50. Qc5+ Qe7 51. Qc8+ Kf7 52. Qc4+ Kf8
53. Qc5 Bf6 54. Kd3 Kf7 55. Bd5+ Kg7 56. Qc8 Qa3+ 57. Ke4 Qf8 58. Qc6 Qb4 59.
Kf5 Qf8 60. Qd7+ Be7+ 61. Ke4 Qd8 62. Qe6 Qf8 63. Bc4 Bb4 64. Qd7+ Qe7+ 65.
Qxe7+ Bxe7 66. Kf5 h5 67. Ke6 Kf8 68. Bb5 g4 69. Kf5 Bd8 70. Be2 Bb6 71. Ke4
Kf7 72. h3 gxh3 73. Bxh5+ Kf6 74. f4 h2 75. Bf3 Bc7 76. g4 Bb8 77. Ke3 Bc7 78.
Be4 Bb6 79. g5+ Kg7 80. f5 Kf7 81. Bf3 Kg7 82. Ke4 Bd8 83. Kf4 Bb6 84. f6+ Kg6
85. Be4+ Kf7 86. d5 1-0

[Event "Tradewise Gibraltar Masters 16th"]
[Site "Gibraltar"]
[Date "2018.01.26"]
[Round "4.79"]
[White "Martinez Martin, David"]
[Black "Longa Yauca, Javier"]
[Result "1/2-1/2"]
[WhiteElo "2399"]
[BlackElo "2198"]
[PlyCount "47"]
[EventDate "2018.01.23"]
[EventType "swiss"]
[EventRounds "10"]
[EventCountry "GGB"]
[SourceTitle "BritBase"]
[Source "www.saund.co.uk"]
[SourceDate "2018.02.10"]
[SourceVersion "1"]
[SourceVersionDate "2018.02.10"]
[SourceQuality "1"]

1. d4 Nf6 2. Nf3 d5 3. c4 c6 4. e3 Bg4 5. Nbd2 e6 6. Bd3 Nbd7 7. O-O Bd6 8. h3
Bh5 9. Qc2 O-O 10. Rb1 Qe7 11. Re1 dxc4 12. Nxc4 Bxf3 13. gxf3 e5 14. Nxd6 Qxd6
15. dxe5 Nxe5 16. Be2 Qe6 17. f4 Qxh3 18. fxe5 Ng4 19. Bxg4 Qxg4+ 20. Kf1 Qh3+
21. Ke2 Qg4+ 22. Kf1 Qh3+ 23. Ke2 Qg4+ 24. Kf1 1/2-1/2

[Event "Tradewise Gibraltar Masters 16th"]
[Site "Gibraltar"]
[Date "2018.01.26"]
[Round "4.80"]
[White "Walton, Alan J"]
[Black "Batchimeg, Tuvshintugs"]
[Result "0-1"]
[WhiteElo "2194"]
[BlackElo "2398"]
[PlyCount "44"]
[EventDate "2018.01.23"]
[EventType "swiss"]
[EventRounds "10"]
[EventCountry "GGB"]
[SourceTitle "BritBase"]
[Source "www.saund.co.uk"]
[SourceDate "2018.02.10"]
[SourceVersion "1"]
[SourceVersionDate "2018.02.10"]
[SourceQuality "1"]

1. d4 Nf6 2. Bg5 c5 3. d5 g6 4. Nc3 Bg7 5. e4 h6 6. Bh4 Qb6 7. Qd3 d6 8. O-O-O
g5 9. Bg3 Nh5 10. Be2 Nxg3 11. hxg3 Na6 12. a3 Bd7 13. f4 c4 14. Qd2 Nc5 15.
Re1 Nxe4 16. Nxe4 Qxb2+ 17. Kd1 Qa1+ 18. Qc1 Qd4+ 19. Qd2 Qxe4 20. fxg5 c3 21.
Qf4 Qxd5+ 22. Bd3 hxg5 0-1

[Event "Tradewise Gibraltar Masters 16th"]
[Site "Gibraltar"]
[Date "2018.01.26"]
[Round "4.81"]
[White "Stark, Lars"]
[Black "Movileanu, Daniela"]
[Result "1-0"]
[WhiteElo "2381"]
[BlackElo "2163"]
[PlyCount "153"]
[EventDate "2018.01.23"]
[EventType "swiss"]
[EventRounds "10"]
[EventCountry "GGB"]
[SourceTitle "BritBase"]
[Source "www.saund.co.uk"]
[SourceDate "2018.02.10"]
[SourceVersion "1"]
[SourceVersionDate "2018.02.10"]
[SourceQuality "1"]

1. c4 Nf6 2. g3 g6 3. Bg2 d5 4. Nf3 Bg7 5. cxd5 Nxd5 6. Nc3 Nb6 7. d3 Nc6 8.
Be3 O-O 9. Qd2 e5 10. Bh6 Nd4 11. O-O c6 12. Bxg7 Nxf3+ 13. Bxf3 Kxg7 14. b4
Qe7 15. Rab1 Be6 16. Qe3 f6 17. Rfc1 Rfd8 18. Qc5 Qf7 19. a4 Nd5 20. Ne4 Qd7
21. Qc2 Bf7 22. Qb2 Qe7 23. Nd2 Nc7 24. b5 cxb5 25. axb5 Ne6 26. Nb3 Rac8 27.
Na5 Rxc1+ 28. Rxc1 Rd7 29. Bg4 Rc7 30. Bxe6 Bxe6 31. Rc3 Qd7 32. Rxc7 Qxc7 33.
Qb4 Bd5 34. Nc4 Bxc4 35. dxc4 b6 36. Qa3 Kf7 37. Qa2 Kg7 38. Qa3 Kf7 39. Qd3
Ke7 40. Qd5 f5 41. Kg2 Kf6 42. h3 Qe7 43. Qg8 Qb7+ 44. Kg1 Qd7 45. Kh2 Qc7 46.
Qa8 Qd7 47. Qb8 Qe7 48. Qc8 Kg7 49. Kg2 Kf6 50. g4 fxg4 51. hxg4 Kg7 52. f3 Kf6
53. Qh8+ Ke6 54. Kg3 Qc5 55. Kg2 Qe7 56. Kh3 g5 57. Qc8+ Kf7 58. Kg2 Kg7 59.
Qc6 Kf7 60. Kf1 Kg7 61. Qd5 Kf8 62. Qd3 Kg7 63. Ke1 h6 64. Qd5 Qb4+ 65. Kf2 Qe7
66. Ke3 Qf6 67. Ke4 Qf4+ 68. Kd3 Kg6 69. e3 Qh2 70. Qd6+ Kf7 71. Ke4 Qc2+ 72.
Kxe5 Qh2+ 73. f4 gxf4 74. Qe6+ Kg7 75. Qf6+ Kg8 76. Qg6+ Kf8 77. Ke6 1-0

[Event "Tradewise Gibraltar Masters 16th"]
[Site "Gibraltar"]
[Date "2018.01.26"]
[Round "4.82"]
[White "Devereaux, Maxim L"]
[Black "Tejaswini, Sagar"]
[Result "0-1"]
[WhiteElo "2370"]
[BlackElo "2081"]
[PlyCount "156"]
[EventDate "2018.01.23"]
[EventType "swiss"]
[EventRounds "10"]
[EventCountry "GGB"]
[SourceTitle "BritBase"]
[Source "www.saund.co.uk"]
[SourceDate "2018.02.10"]
[SourceVersion "1"]
[SourceVersionDate "2018.02.10"]
[SourceQuality "1"]

1. e4 e5 2. Nf3 Nc6 3. Bc4 Bc5 4. b4 Bxb4 5. c3 Bd6 6. d4 Nf6 7. O-O O-O 8. Re1
h6 9. Nbd2 b6 10. Bb5 exd4 11. cxd4 Bb4 12. Qb3 Bxd2 13. Bxd2 Ne7 14. d5 Bb7
15. Bd3 d6 16. Nd4 Nd7 17. Bc2 Ng6 18. Qh3 Nde5 19. Nf5 Bc8 20. f4 Nd7 21. Qc3
Nf6 22. Nd4 Bd7 23. Rac1 a5 24. Bb1 Rc8 25. Qd3 Re8 26. g3 h5 27. Nf3 c6 28.
Ng5 cxd5 29. exd5 Rxc1 30. Rxc1 Ne7 31. Qb3 Nexd5 32. Rd1 b5 33. Be1 Re3 34.
Qc2 Qe7 35. Bf2 Re2 36. Qd3 Nb4 37. Qxd6 Qxd6 38. Rxd6 Kf8 39. a3 Rb2 40. Rd1
Nbd5 41. Bd4 Bg4 42. Rc1 Rd2 43. Bc5+ Ke8 44. h3 Rd1+ 45. Rxd1 Bxd1 46. Bd3 Ba4
47. Ne4 Nxe4 48. Bxe4 Bb3 49. Bd4 g6 50. f5 gxf5 51. Bxf5 b4 52. axb4 axb4 53.
Be4 Nc3 54. Bc6+ Kd8 55. Bb6+ Kc8 56. Ba5 Na2 57. Bf3 Be6 58. Bxh5 b3 59. Bd1
b2 60. Bc2 Bxh3 61. Bb1 Be6 62. Kf2 Kb7 63. Ke3 Ka6 64. Be1 Kb5 65. Kd4 Ka4 66.
g4 Kb3 67. g5 Nb4 68. Bxb4 Kxb4 69. g6 fxg6 70. Bxg6 Bf7 71. Bh7 Kb3 72. Bf5
Bh5 73. Bb1 Bg4 74. Ke3 Kc3 75. Bd3 Bd1 76. Bb1 Bc2 77. Ba2 Kb4 78. Kd2 Ka3 0-1

[Event "Tradewise Gibraltar Masters 16th"]
[Site "Gibraltar"]
[Date "2018.01.26"]
[Round "4.83"]
[White "Bjerre, Jonas Buhl"]
[Black "Sajjadi, Kimiya"]
[Result "1-0"]
[WhiteElo "2367"]
[BlackElo "1911"]
[PlyCount "47"]
[EventDate "2018.01.23"]
[EventType "swiss"]
[EventRounds "10"]
[EventCountry "GGB"]
[SourceTitle "BritBase"]
[Source "www.saund.co.uk"]
[SourceDate "2018.02.10"]
[SourceVersion "1"]
[SourceVersionDate "2018.02.10"]
[SourceQuality "1"]

1. e4 e6 2. d4 d5 3. Nd2 c5 4. exd5 Qxd5 5. Ngf3 cxd4 6. Bc4 Qd6 7. O-O Nf6 8.
Nb3 Nc6 9. Nbxd4 Nxd4 10. Nxd4 a6 11. Re1 Qc7 12. Qe2 h6 13. g3 b5 14. Bb3 Bd6
15. c4 b4 16. c5 Bxc5 17. Be3 Qb6 18. Qc4 Bd7 19. Nxe6 fxe6 20. Bxc5 Qc6 21.
Ba4 Qxa4 22. Rxe6+ Bxe6 23. Qxe6+ Kd8 24. Bb6# 1-0

[Event "Tradewise Gibraltar Masters 16th"]
[Site "Gibraltar"]
[Date "2018.01.26"]
[Round "4.84"]
[White "Paehtz, Thomas"]
[Black "Gillis Onieva, Celia"]
[Result "1-0"]
[WhiteElo "2356"]
[BlackElo "1848"]
[PlyCount "55"]
[EventDate "2018.01.23"]
[EventType "swiss"]
[EventRounds "10"]
[EventCountry "GGB"]
[SourceTitle "BritBase"]
[Source "www.saund.co.uk"]
[SourceDate "2018.02.10"]
[SourceVersion "1"]
[SourceVersionDate "2018.02.10"]
[SourceQuality "1"]

1. e4 e6 2. Nf3 d5 3. e5 c5 4. b4 cxb4 5. a3 Nc6 6. axb4 Bxb4 7. c3 Be7 8. d4
f6 9. Bd3 fxe5 10. dxe5 Nh6 11. Bxh6 gxh6 12. O-O Bd7 13. Re1 Bc5 14. Nbd2 O-O
15. c4 Nb4 16. Bb1 dxc4 17. Ne4 Be7 18. Qc1 Nd3 19. Bxd3 cxd3 20. Qxh6 Qe8 21.
Qe3 Bb5 22. Nd6 Qd7 23. Nd4 Bxd6 24. exd6 Bc4 25. Nf3 Qxd6 26. Ne5 Ba6 27. Qg3+
Kh8 28. Nf7+ 1-0

[Event "Tradewise Gibraltar Masters 16th"]
[Site "Gibraltar"]
[Date "2018.01.26"]
[Round "4.85"]
[White "Cuenca Jimenez, Jose Fernando"]
[Black "Pinho, Paulo"]
[Result "1-0"]
[WhiteElo "2489"]
[BlackElo "2186"]
[PlyCount "65"]
[EventDate "2018.01.23"]
[EventType "swiss"]
[EventRounds "10"]
[EventCountry "GGB"]
[SourceTitle "BritBase"]
[Source "www.saund.co.uk"]
[SourceDate "2018.02.10"]
[SourceVersion "1"]
[SourceVersionDate "2018.02.10"]
[SourceQuality "1"]

1. e4 c5 2. Nf3 e6 3. g3 d6 4. Bg2 b6 5. O-O Bb7 6. Re1 Nf6 7. Nc3 a6 8. d4
cxd4 9. Nxd4 Qc7 10. Nd5 exd5 11. exd5+ Kd8 12. Bg5 Nbd7 13. Qe2 Qc5 14. Nb3
Qc8 15. c4 Kc7 16. Nd4 h6 17. Bd2 g6 18. b4 Bg7 19. Rac1 Re8 20. Be3 Kb8 21. h3
Ne4 22. Qd3 f5 23. Ne6 Bb2 24. Rc2 Bf6 25. Bxh6 Ne5 26. Qb3 g5 27. c5 bxc5 28.
bxc5 Rxe6 29. dxe6 d5 30. e7 Nc4 31. h4 gxh4 32. Rxc4 dxc4 33. Bf4+ 1-0

[Event "Tradewise Gibraltar Masters 16th"]
[Site "Gibraltar"]
[Date "2018.01.26"]
[Round "4.86"]
[White "Guthrie, David"]
[Black "Yankelevich, Lev"]
[Result "0-1"]
[WhiteElo "2181"]
[BlackElo "2456"]
[PlyCount "70"]
[EventDate "2018.01.23"]
[EventType "swiss"]
[EventRounds "10"]
[EventCountry "GGB"]
[SourceTitle "BritBase"]
[Source "www.saund.co.uk"]
[SourceDate "2018.02.10"]
[SourceVersion "1"]
[SourceVersionDate "2018.02.10"]
[SourceQuality "1"]

1. d4 d5 2. c4 e6 3. Nc3 Bb4 4. e3 Nf6 5. a3 Bxc3+ 6. bxc3 c6 7. Nf3 b6 8. cxd5
cxd5 9. Bb5+ Bd7 10. a4 Ne4 11. c4 O-O 12. Ba3 Re8 13. Bxd7 Qxd7 14. Ne5 Qb7
15. f3 Nf6 16. cxd5 exd5 17. O-O Nc6 18. Nxc6 Qxc6 19. Rc1 Qd7 20. Qb3 Rac8 21.
Kf2 h5 22. Rxc8 Qxc8 23. Rc1 Qf5 24. Kg1 h4 25. h3 Qg5 26. Rc3 Nh5 27. Bd6 Ng3
28. Bxg3 hxg3 29. Qa3 Qf5 30. Qc1 Qd7 31. Rc6 Rxe3 32. Qxe3 Qxc6 33. Qf4 Qxa4
34. Qxg3 Qxd4+ 35. Kh2 a5 0-1

[Event "Tradewise Gibraltar Masters 16th"]
[Site "Gibraltar"]
[Date "2018.01.26"]
[Round "4.87"]
[White "Sahl, Sheila Barth"]
[Black "Pigott, John C"]
[Result "0-1"]
[WhiteElo "2178"]
[BlackElo "2418"]
[PlyCount "114"]
[EventDate "2018.01.23"]
[EventType "swiss"]
[EventRounds "10"]
[EventCountry "GGB"]
[SourceTitle "BritBase"]
[Source "www.saund.co.uk"]
[SourceDate "2018.02.10"]
[SourceVersion "1"]
[SourceVersionDate "2018.02.10"]
[SourceQuality "1"]

1. e4 e6 2. d4 d5 3. Nc3 Nf6 4. e5 Nfd7 5. f4 c5 6. Nf3 Nc6 7. Be3 a6 8. Qd2 b5
9. dxc5 Bxc5 10. Bd3 Qb6 11. Bf2 Bb7 12. a3 O-O 13. O-O Bxf2+ 14. Rxf2 Nc5 15.
f5 Nxd3 16. Qxd3 exf5 17. Nxd5 Qd8 18. Rd1 Na5 19. b3 Rc8 20. Ne3 g6 21. Qe2
Qe7 22. Rd6 Rfe8 23. Qd2 Bxf3 24. Rxf3 Qxe5 25. Rxa6 Nc6 26. Nd5 Kg7 27. c3 Re6
28. Rd3 Rce8 29. Ne3 Qc7 30. a4 bxa4 31. Nd5 Qb7 32. Rxa4 Re2 33. Qf4 Re1+ 34.
Kf2 R8e2+ 35. Kg3 Ne5 36. Rb4 Nxd3 37. Qd4+ Kh6 38. Rxb7 f4+ 39. Kh3 Nf2+ 40.
Qxf2 Rxf2 41. Rxf7 g5 42. Ne7 Rfe2 43. Nd5 Rd1 44. Ne7 Rde1 45. Nd5 Kg6 46. Rb7
h5 47. c4 Rh1 48. Rb6+ Kf5 49. Rf6+ Ke5 50. Rf8 f3 51. Nc3 g4+ 52. Kh4 Rxh2+
53. Kg5 Rexg2 54. Nb5 Ke4 55. Rd8 Rd2 56. Nc3+ Ke3 57. Re8+ Kd3 0-1

[Event "Tradewise Gibraltar Masters 16th"]
[Site "Gibraltar"]
[Date "2018.01.26"]
[Round "4.88"]
[White "Tate, Alan"]
[Black "Barraza Caracuel, Ignacio"]
[Result "1-0"]
[WhiteElo "2358"]
[BlackElo "2185"]
[PlyCount "69"]
[EventDate "2018.01.23"]
[EventType "swiss"]
[EventRounds "10"]
[EventCountry "GGB"]
[SourceTitle "BritBase"]
[Source "www.saund.co.uk"]
[SourceDate "2018.02.10"]
[SourceVersion "1"]
[SourceVersionDate "2018.02.10"]
[SourceQuality "1"]

1. Nf3 Nf6 2. g3 d5 3. Bg2 c5 4. O-O Nc6 5. d4 e6 6. c4 dxc4 7. dxc5 Qxd1 8.
Rxd1 Bxc5 9. Nbd2 Bd7 10. Nxc4 Ke7 11. Nfe5 Rhd8 12. Nd3 Bb6 13. b3 Kf8 14.
Ba3+ Kg8 15. Nc5 Rab8 16. Nxb6 axb6 17. Nxb7 Rxb7 18. Bxc6 Ra7 19. Bb4 Rc8 20.
Bxd7 Rxd7 21. Rxd7 Nxd7 22. Rd1 Nf6 23. Bd2 Rd8 24. Rc1 h6 25. Rc2 g5 26. f3
Kh7 27. Kf2 Kg6 28. a4 g4 29. b4 gxf3 30. exf3 Rd3 31. Ra2 Rd6 32. Ke2 Nd5 33.
a5 bxa5 34. bxa5 Ra6 35. Kd3 1-0

[Event "Tradewise Gibraltar Masters 16th"]
[Site "Gibraltar"]
[Date "2018.01.26"]
[Round "4.89"]
[White "Perez Garcia, Alejandro"]
[Black "Lochte, Thomas"]
[Result "1-0"]
[WhiteElo "2357"]
[BlackElo "2169"]
[PlyCount "55"]
[EventDate "2018.01.23"]
[EventType "swiss"]
[EventRounds "10"]
[EventCountry "GGB"]
[SourceTitle "BritBase"]
[Source "www.saund.co.uk"]
[SourceDate "2018.02.10"]
[SourceVersion "1"]
[SourceVersionDate "2018.02.10"]
[SourceQuality "1"]

1. Nf3 c5 2. c4 Nf6 3. Nc3 Nc6 4. g3 e6 5. Bg2 d5 6. cxd5 exd5 7. d4 cxd4 8.
Nxd4 Bc5 9. Nb3 Bb4 10. O-O Be6 11. Be3 O-O 12. Rc1 Rc8 13. h3 Ne4 14. Nxe4
dxe4 15. Nc5 Bxc5 16. Bxc5 Qxd1 17. Rfxd1 Rfe8 18. b3 b6 19. Ba3 f5 20. f3 exf3
21. exf3 a5 22. Rd6 Na7 23. Rxc8 Nxc8 24. Rc6 a4 25. bxa4 Bxa2 26. f4 Bb3 27.
Rc7 Bxa4 28. Bb7 1-0

[Event "Tradewise Gibraltar Masters 16th"]
[Site "Gibraltar"]
[Date "2018.01.26"]
[Round "4.90"]
[White "Makka, Ioulia"]
[Black "Gara, Anita"]
[Result "0-1"]
[WhiteElo "2167"]
[BlackElo "2350"]
[PlyCount "150"]
[EventDate "2018.01.23"]
[EventType "swiss"]
[EventRounds "10"]
[EventCountry "GGB"]
[SourceTitle "BritBase"]
[Source "www.saund.co.uk"]
[SourceDate "2018.02.10"]
[SourceVersion "1"]
[SourceVersionDate "2018.02.10"]
[SourceQuality "1"]

1. e4 c5 2. Nf3 d6 3. d4 cxd4 4. Nxd4 Nf6 5. Nc3 g6 6. Be2 Bg7 7. O-O O-O 8.
Re1 Nc6 9. Nb3 Be6 10. Bf1 a5 11. Na4 Nd7 12. c4 Rc8 13. Be3 Nce5 14. c5 Ng4
15. cxd6 exd6 16. Bd4 Qh4 17. h3 Nge5 18. Bc3 Bg4 19. Be2 Bxe2 20. Qxe2 Rc4 21.
Bxe5 Nxe5 22. Nb6 Rc6 23. Nd5 Nc4 24. Rab1 Re8 25. Nd2 Ne5 26. Nb3 Nc4 27. Nd2
Nxd2 28. Qxd2 a4 29. Qd3 Rec8 30. g3 Qg5 31. h4 Qe5 32. Ne3 Qd4 33. Qb5 b6 34.
b3 a3 35. Nc4 Qc3 36. Rbc1 Qd3 37. Rcd1 Qf3 38. Nxa3 Be5 39. Rd3 Qf6 40. Nc4
Bd4 41. Rf1 Rc5 42. Qa6 R5c6 43. Kg2 Bc5 44. Ne3 Qe5 45. f3 Qb2+ 46. Rf2 Qc1
47. Rc2 Qe1 48. Nf1 b5 49. Qb7 R6c7 50. Qa6 h5 51. Rdd2 Kg7 52. Qxb5 Ba7 53.
Rxc7 Rxc7 54. Qe2 Qa1 55. Rd1 Qc3 56. Kh3 Qc5 57. Qd2 Rc6 58. b4 Qb5 59. Nh2
Qa4 60. Qb2+ Kg8 61. Rd2 Be3 62. Re2 Bc1 63. Qd4 Qa6 64. Rg2 Rc4 65. Qd1 Qc8+
66. g4 Bf4 67. b5 Rc1 68. Qe2 hxg4+ 69. fxg4 Qc3+ 70. Qf3 Qe5 71. Qe2 Bxh2 72.
Qd3 Bf4 73. Rc2 Rh1+ 74. Kg2 Rh2+ 75. Kg1 Qa1+ 0-1

[Event "Tradewise Gibraltar Masters 16th"]
[Site "Gibraltar"]
[Date "2018.01.26"]
[Round "4.91"]
[White "De Graaf, Dick"]
[Black "Renman, Nils-Gustaf"]
[Result "0-1"]
[WhiteElo "2152"]
[BlackElo "2350"]
[PlyCount "148"]
[EventDate "2018.01.23"]
[EventType "swiss"]
[EventRounds "10"]
[EventCountry "GGB"]
[SourceTitle "BritBase"]
[Source "www.saund.co.uk"]
[SourceDate "2018.02.10"]
[SourceVersion "1"]
[SourceVersionDate "2018.02.10"]
[SourceQuality "1"]

1. b3 e5 2. Bb2 d6 3. c4 f5 4. e3 Nf6 5. Nf3 c6 6. Be2 Na6 7. d3 Be7 8. Nc3 O-O
9. a3 Kh8 10. Qc2 Qe8 11. d4 e4 12. Nd2 Qg6 13. g3 Nc7 14. b4 Be6 15. Nb3 b6
16. Nd2 Qh6 17. a4 d5 18. c5 bxc5 19. bxc5 Bc8 20. Nb3 a5 21. Qd2 Bd8 22. Na2
Ne6 23. Bc3 Ba6 24. Nac1 Ng5 25. Kd1 Nf3 26. Qc2 Bxe2+ 27. Qxe2 Qh3 28. Nd2 Qg2
29. Qf1 Qxf1+ 30. Nxf1 g5 31. Ke2 f4 32. Rb1 Ng4 33. Rb7 Kg8 34. gxf4 gxf4 35.
h3 Nh6 36. Nd2 fxe3 37. fxe3 Nf5 38. Nf1 Rf6 39. Kd1 Rg6 40. Ne2 Bg5 41. Bd2
Bh6 42. Rb6 Rc8 43. Ra6 Rg2 44. Bc1 Bg5 45. Rb6 Kf8 46. Rb7 h6 47. Nc3 Kg8 48.
Nb5 cxb5 49. axb5 Bd8 50. Rd7 Ne7 51. Nd2 Rg6 52. Nxf3 exf3 53. Rf1 Rf6 54. Rb7
Kf7 55. Ba3 Ke8 56. Kd2 Rc7 57. Rb8 Kd7 58. Kd3 Ra7 59. c6+ Kc7 60. b6+ Kxb8
61. bxa7+ Kxa7 62. c7 Bxc7 63. Bxe7 Rf7 64. Bh4 Kb6 65. Bf2 Bd6 66. e4 dxe4+
67. Kxe4 Kb5 68. Be3 a4 69. d5 a3 70. Kd3 Be5 71. Bd4 Bxd4 72. Kxd4 Kb4 73. Ke5
a2 74. d6 Ra7 0-1

[Event "Tradewise Gibraltar Masters 16th"]
[Site "Gibraltar"]
[Date "2018.01.26"]
[Round "4.92"]
[White "Gandrud, Vegar Koi"]
[Black "Baert, Andy"]
[Result "1-0"]
[WhiteElo "2346"]
[BlackElo "2164"]
[PlyCount "37"]
[EventDate "2018.01.23"]
[EventType "swiss"]
[EventRounds "10"]
[EventCountry "GGB"]
[SourceTitle "BritBase"]
[Source "www.saund.co.uk"]
[SourceDate "2018.02.10"]
[SourceVersion "1"]
[SourceVersionDate "2018.02.10"]
[SourceQuality "1"]

1. d4 Nf6 2. c4 e6 3. Nf3 d5 4. g3 Be7 5. Bg2 O-O 6. O-O dxc4 7. Ne5 c5 8. dxc5
Bxc5 9. Nc3 Qe7 10. Bg5 Rd8 11. Qc2 Nbd7 12. Nxc4 h6 13. Be3 Rb8 14. Rad1 Bxe3
15. Nxe3 b5 16. Rd4 Bb7 17. Bxb7 Rxb7 18. Rfd1 Rc8 19. Ncd5 1-0

[Event "Tradewise Gibraltar Masters 16th"]
[Site "Gibraltar"]
[Date "2018.01.26"]
[Round "4.93"]
[White "Spence, David J"]
[Black "Lombaers, Peter"]
[Result "1/2-1/2"]
[WhiteElo "2127"]
[BlackElo "2345"]
[PlyCount "48"]
[EventDate "2018.01.23"]
[EventType "swiss"]
[EventRounds "10"]
[EventCountry "GGB"]
[SourceTitle "BritBase"]
[Source "www.saund.co.uk"]
[SourceDate "2018.02.10"]
[SourceVersion "1"]
[SourceVersionDate "2018.02.10"]
[SourceQuality "1"]

1. e4 c5 2. c3 Nf6 3. e5 Nd5 4. d4 cxd4 5. cxd4 e6 6. Nf3 d6 7. Bc4 Be7 8. O-O
O-O 9. Qe2 b6 10. Nc3 Nxc3 11. bxc3 Bb7 12. Re1 Nd7 13. exd6 Bxd6 14. Bd3 Qc7
15. Bd2 Bxf3 16. Qxf3 Bxh2+ 17. Kh1 Bd6 18. Re4 g6 19. Qh3 Rfe8 20. Bb5 a6 21.
Rh4 axb5 22. Rxh7 Bf4 23. Qh4 Bxd2 24. Rh8+ Kg7 1/2-1/2

[Event "Tradewise Gibraltar Masters 16th"]
[Site "Gibraltar"]
[Date "2018.01.26"]
[Round "4.94"]
[White "Bellin, Robert"]
[Black "Verneuil, Pascal"]
[Result "0-1"]
[WhiteElo "2343"]
[BlackElo "2159"]
[PlyCount "56"]
[EventDate "2018.01.23"]
[EventType "swiss"]
[EventRounds "10"]
[EventCountry "GGB"]
[SourceTitle "BritBase"]
[Source "www.saund.co.uk"]
[SourceDate "2018.02.10"]
[SourceVersion "1"]
[SourceVersionDate "2018.02.10"]
[SourceQuality "1"]

1. e4 c5 2. Nf3 Nc6 3. Bb5 e6 4. O-O Nge7 5. d4 cxd4 6. Nxd4 Qc7 7. Nc3 Nxd4 8.
Qxd4 a6 9. Re1 Ng6 10. Nd5 Qd6 11. Bd3 f6 12. c4 exd5 13. exd5+ Kf7 14. Bxg6+
hxg6 15. Bf4 Qc5 16. Qe4 Bd6 17. a3 Qc7 18. c5 Bxf4 19. Qe7+ Kg8 20. g3 Be5 21.
Re4 Rh5 22. f4 Bxb2 23. f5 Bd4+ 24. Rxd4 Qe5 25. Qd8+ Kh7 26. fxg6+ Kxg6 27.
Rg4+ Kh7 28. Rf1 d6 0-1

[Event "Tradewise Gibraltar Masters 16th"]
[Site "Gibraltar"]
[Date "2018.01.26"]
[Round "4.95"]
[White "Veltkamp, Gerben"]
[Black "Jessel, Stephen"]
[Result "0-1"]
[WhiteElo "2123"]
[BlackElo "2342"]
[PlyCount "80"]
[EventDate "2018.01.23"]
[EventType "swiss"]
[EventRounds "10"]
[EventCountry "GGB"]
[SourceTitle "BritBase"]
[Source "www.saund.co.uk"]
[SourceDate "2018.02.10"]
[SourceVersion "1"]
[SourceVersionDate "2018.02.10"]
[SourceQuality "1"]

1. e4 e6 2. d4 d5 3. Bd3 c5 4. exd5 exd5 5. Nf3 c4 6. Be2 Nf6 7. b3 cxb3 8.
axb3 Be7 9. O-O O-O 10. Ne5 Ne4 11. Bf3 f6 12. Nd3 Nc6 13. Nf4 f5 14. Ba3 Bd6
15. g3 g5 16. Ng2 Be6 17. Ne3 Bxa3 18. Rxa3 Qf6 19. c3 Rad8 20. b4 a6 21. Bg2
Na7 22. f3 Nd6 23. f4 Ndb5 24. Ra2 g4 25. Re1 Nc7 26. Na3 Qf7 27. Bf1 Kh8 28.
Bd3 Bd7 29. Rae2 Nc8 30. Qa1 Nd6 31. c4 dxc4 32. Naxc4 Nxc4 33. Nxc4 Qf6 34.
Ne5 Bb5 35. Bxb5 Nxb5 36. d5 Rxd5 37. Qa5 Nc3 38. Qc7 Nxe2+ 39. Rxe2 Rd1+ 40.
Kf2 Qg7 0-1